[Event "Wch U20 30th"]
[Site "Mamaia"]
[Date "1991.??.??"]
[Round "?"]
[White "Atkinson, Paul"]
[Black "Le Quang, Kim"]
[Result "1/2-1/2"]
[WhiteElo "2255"]
[BlackElo "2280"]
[PlyCount "22"]
[EventDate "1991.08.??"]
[EventType "swiss"]
[EventRounds "13"]
[EventCountry "ROU"]
[SourceTitle "EXT 2002"]
[Source "ChessBase"]
[SourceDate "2001.11.25"]
[SourceVersion "1"]
[SourceVersionDate "2001.11.25"]
[SourceQuality "1"]

1. e4 e5 2. Nf3 Nc6 3. Bb5 a6 4. Bxc6 dxc6 5. 0-0 f6 6. d4 exd4 7. Nxd4 c5 8. Nb3 Qxd1 9. Rxd1 Bg4 10. f3 Be6 11. Be3 b6 1/2-1/2

[Event "Wch U20 30th"]
[Site "Mamaia"]
[Date "1991.??.??"]
[Round "?"]
[White "Atkinson, Paul"]
[Black "Sherzer, Alex"]
[Result "0-1"]
[WhiteElo "2255"]
[BlackElo "2460"]
[PlyCount "54"]
[EventDate "1991.08.??"]
[EventType "swiss"]
[EventRounds "13"]
[EventCountry "ROU"]
[SourceTitle "CBM 025 Extra"]
[Source "ChessBase"]
[SourceDate "1992.01.01"]
[SourceVersion "1"]
[SourceVersionDate "1992.01.01"]
[SourceQuality "1"]

1. e4 c5 2. Nf3 Nc6 3. d4 cxd4 4. Nxd4 Nf6 5. Nc3 d6 6. Bg5 e6 7. Qd2 Be7 8. 0-0-0 0-0 9. Nb3 Qb6 10. f3 Rd8 11. Kb1 Qc7 12. Be3 a6 13. Qf2 Nd7 14. h4 b5 15. g4 Nce5 16. g5 Rb8 17. Bd3 b4 18. Ne2 a5 19. Ba7 Ra8 20. Bd4 a4 21. Nbc1 Ba6 22. h5 Rdc8 23. Ng3 b3 24. axb3 Nxd3 25. Nxd3 axb3 26. cxb3 Qa5 27. Bc3 Rxc3 0-1